Catálogo
 En Linea

Mohammed and Charlemagne / (Registro nro. 18606)

Detalles MARC
000 -CABECERA
campo de control de longitud fija 00790cam a2200241 a 4500
001 - NÚMERO DE CONTROL
campo de control 000019088
003 - IDENTIFICADOR DEL NÚMERO DE CONTROL
campo de control UkOxU
005 - FECHA Y HORA DE LA ÚLTIMA TRANSACCIÓN
campo de control 20200929165922.0
008 - DATOS DE LONGITUD FIJA--INFORMACIÓN GENERAL
campo de control de longitud fija 810915s1961 nyu b 001 0 eng d
040 ## - FUENTE DE LA CATALOGACIÓN
Centro catalogador/agencia de origen DO-SdBNP
Lengua de catalogación eng
Centro/agencia transcriptor Oxford
Centro/agencia modificador BNPHU
041 1# - CÓDIGO DE LENGUA
Código de lengua del texto/banda sonora o título independiente eng
Código de lengua original fre
Fuente del código Código de idioma MARC
082 ## - NÚMERO DE LA CLASIFICACIÓN DECIMAL DEWEY
Número de clasificación nn*
Número de documento/Ítem P667m
049 ## - FONDOS LOCALES (OCLC)
Fondos de biblioteca BNGR
100 10 - ENTRADA PRINCIPAL--NOMBRE DE PERSONA
Nombre de persona Pirenne, Henri,
Fechas asociadas al nombre 1862-1935.
9 (RLIN) 41073
245 10 - MENCIÓN DE TÍTULO
Título Mohammed and Charlemagne /
Mención de responsabilidad, etc. Henri Pirenne ; prólogo Jacques Pirenne.
260 0# - PUBLICACIÓN, DISTRIBUCIÓN, ETC.
Lugar de publicación, distribución, etc. New York :
Nombre del editor, distribuidor, etc. Meridian Books,
Fecha de publicación, distribución, etc. 1961.
300 ## - DESCRIPCIÓN FÍSICA
Extensión 293 p. ;
Dimensiones 19 cm.
500 ## - NOTA GENERAL
Nota general Incluye notas bibliográficas e índice.
651 #0 - PUNTO DE ACCESO ADICIONAL DE MATERIA--NOMBRE GEOGRÁFICO
Nombre geográfico Europe
Subdivisión general History
Subdivisión cronológica 392-814.
9 (RLIN) 41074
651 #0 - PUNTO DE ACCESO ADICIONAL DE MATERIA--NOMBRE GEOGRÁFICO
Nombre geográfico Islamic Empire
Subdivisión general History.
9 (RLIN) 41075
700 1# - PUNTO DE ACCESO ADICIONAL--NOMBRE DE PERSONA
Nombre de persona Pirenne, Jacques,
Término indicativo de función/relación pról.
9 (RLIN) 40644
910 ## - DATOS DE OPCIÓN DEL USUARIO (OCLC)
Datos de opción del usuario Catalogación derivada /Oxford
Existencias
Estado de retiro Estado de pérdida Restricciones de uso No para préstamo Código de colección Localización permanente Ubicación/localización actual Ubicación en estantería Fecha de adquisición Número de inventario Total de préstamos Signatura topográfica completa Código de barras Fecha visto por última vez Precio válido a partir de Tipo de ítem Koha
      Excluido de préstamo Monografías: Libros y Folletos General General En catalogación 25.05.2010 LF1   nn* P667m 19088-10 25.06.2020 25.06.2020 No se presta

Con tecnología Koha